000 00670nam a2200241Ia 4500
003 OSt
005 20240903120349.0
008 210329s9999||||xx |||||||||||||| ||und||
040 _cSTCPL
041 _aMAL
041 _hMAL
082 _a920.72
_bANN-E
100 _aThayil, Annie
_qആനി തയ്യില്‍
245 0 _aEtangazhiyile kurissu /
_cby Annie Thayil
_hഇടങ്ങഴിയിലെ കുരിശ്
260 _aKottayam :
_bDC Books ,
_c1990 .
300 _a287 p.
_bPB
650 _aGeneral reading
650 _aAutobiography
650 _aMalayalam novelist
650 _aMalayalam literature
942 _cBK
942 _2ddc
999 _c43941
_d43941